[Event "Titled Tuesday intern op 03rd Jan Late"]
[Site "Chess.com INT"]
[Date "2025.06.03"]
[Round "5"]
[White "Vifleemskaia, Svetlana"]
[Black "Fadi, Marko"]
[Result "1-0"]
[WhiteElo "1942"]
[BlackElo "2244"]
[PlyCount "145"]
[EventDate "2025.06.03"]
[EventType "swiss (blitz)"]
[EventRounds "11"]
[EventCountry "USA"]
[SourceTitle "CB24_2025"]
[SourceDate "2025.06.11"]
[SourceVersion "1"]
[SourceVersionDate "2025.06.11"]
[SourceQuality "1"]

1. d4 Nf6 2. c4 g6 3. Nc3 Bg7 4. e4 0-0 5. Nge2 d6 6. Ng3 c5 7. d5 e6 8. Be2 exd5 9. cxd5 h5 10. Bg5 Nbd7 11. 0-0 Re8 12. Qd2 h4 13. Bxh4 Nxe4 14. Ngxe4 Qxh4 15. Nxd6 Re7 16. g3 Qh3 17. Bf3 Ne5 18. Bg2 Qh5 19. Nxc8 Rxc8 20. d6 Rd7 21. Rad1 Rcd8 22. Ne4 Nf3+ 23. Bxf3 Qxf3 24. Qd5 b6 25. b3 Qf5 26. Rfe1 Bd4 27. Qxf5 gxf5 28. Rxd4 cxd4 29. Nf6+ Kg7 30. Nxd7 Rxd7 31. Rd1 Rxd6 32. f4 Kf6 33. Kf2 Ke6 34. Ke2 Kd5 35. Kd3 Re6 36. Rc1 Re3+ 37. Kd2 Ke4 38. Rc7 Kf3 39. Rxf7 Re2+ 40. Kd3 Rxa2 41. Kxd4 Rxh2 42. Rxf5 Rh3 43. Rf8 Rxg3 44. Kc4 Kg4 45. f5 Rf3 46. f6 Kg5 47. Ra8 Rf4+ 48. Kb5 Rf3 49. b4 Rf4 50. Rxa7 Kxf6 51. Rb7 Ke6 52. Rxb6+ Kd7 53. Rb7+ Kc8 54. Ra7 Kb8 55. Rg7 Rf5+ 56. Ka4 Rf6 57. b5 Rf5 58. Ka5 Rf6 59. b6 Rf1 60. Ka6 Ra1+ 61. Kb5 Rb1+ 62. Kc6 Rc1+ 63. Kb5 Rc2 64. Ka6 Ra2+ 65. Kb5 Rc2 66. Ka6 Ra2+ 67. Kb5 Ra7 68. bxa7+ Ka8 69. Rg8+ Kxa7 70. Rg7+ Kb8 71. Kc6 Ka8 72. Kb6 Kb8 73. Rg8# 1-0

[Event "Africa-ch"]
[Site "Cairo"]
[Date "2025.05.19"]
[Round "8"]
[White "Fadi, Marko"]
[Black "Wafa, Hamed"]
[Result "0-1"]
[WhiteElo "2244"]
[BlackElo "2367"]
[PlyCount "68"]
[EventDate "2025.05.13"]
[EventType "swiss"]
[EventRounds "9"]
[EventCountry "EGY"]
[SourceTitle "CB22_2025"]
[SourceDate "2025.05.28"]
[SourceVersion "1"]
[SourceVersionDate "2025.05.28"]
[SourceQuality "1"]

1. c4 Nf6 2. g3 c5 3. Nf3 Nc6 4. Bg2 d5 5. cxd5 Nxd5 6. Nc3 Nc7 7. 0-0 e5 8. b3 Be7 9. Bb2 0-0 10. d3 b6 11. Nd2 Bb7 12. Nc4 Rb8 13. Ne4 f6 14. Rc1 Qd7 15. h4 Ne6 16. Bh3 Rbe8 17. Ne3 Ncd4 18. Kh2 f5 19. Nd2 Bxh4 20. Bxd4 exd4 21. Nxf5 Bd8 22. Ne4 Bc7 23. b4 Qd5 24. Nh4 Qh5 25. Kg2 Ng5 26. Rh1 Nxe4 27. dxe4 Bxe4+ 28. Nf3 Qd5 29. Bg4 g6 30. bxc5 h5 31. cxb6 hxg4 32. Rxc7 gxf3+ 33. Kg1 fxe2 34. Qc1 e1Q+ 0-1

[Event "Africa-ch"]
[Site "Cairo"]
[Date "2025.05.14"]
[Round "3"]
[White "Abdelnabbi, Imed"]
[Black "Fadi, Marko"]
[Result "0-1"]
[WhiteElo "2385"]
[BlackElo "2244"]
[PlyCount "128"]
[EventDate "2025.05.13"]
[EventType "swiss"]
[EventRounds "9"]
[EventCountry "EGY"]
[SourceTitle "CB22_2025"]
[SourceDate "2025.05.28"]
[SourceVersion "1"]
[SourceVersionDate "2025.05.28"]
[SourceQuality "1"]

1. d4 d5 2. Nf3 Nf6 3. c4 e6 4. cxd5 exd5 5. Bg5 Be7 6. Nc3 c6 7. Qc2 g6 8. e3 Bf5 9. Bd3 Bxd3 10. Qxd3 0-0 11. Bxf6 Bxf6 12. b4 b5 13. a4 Na6 14. axb5 Nxb4 15. Qd2 cxb5 16. Nxb5 a5 17. 0-0 Qd7 18. Nc3 Rfc8 19. Rfb1 Ra7 20. Ne2 Rca8 21. Qd1 Be7 22. Ne5 Qe8 23. Qa4 Bd6 24. Nf3 Qxa4 25. Rxa4 Rc8 26. Ne1 Rc4 27. g3 Nd3 28. Ra2 Nxe1 29. Rxe1 a4 30. Rb1 Rac7 31. Rb8+ Kg7 32. Rd8 Be7 33. Rxd5 Rc2 34. Rxc2 Rxc2 35. Nf4 a3 36. Ra5 a2 37. Kg2 Bb4 38. Ra7 Bc3 39. Ne6+ Kf6 40. Nd8 Kg7 41. Ne6+ Kf6 42. Nd8 g5 43. Rxf7+ Kg6 44. Ra7 a1Q 45. Rxa1 Bxa1 46. g4 Bc3 47. Nc6 Kf6 48. Ne5 Be1 49. Nd3 Ba5 50. Nc5 h6 51. h3 Bb4 52. Nd7+ Ke6 53. Ne5 Bd6 54. Nf3 Bb4 55. Ne5 Kd5 56. Kf3 Ra2 57. Nd3 Bd6 58. Nc1 Rc2 59. Nd3 Rd2 60. Ne1 Bb4 61. Kg2 Ke4 62. Nf3 Ra2 63. Kg3 Ra8 64. h4 Rf8 0-1

[Event "Abu Dhabi op-B 30th"]
[Site "Abu Dhabi"]
[Date "2024.08.21"]
[Round "6"]
[White "Fadi, Marko"]
[Black "Unwana, Eugene Ekpoikong"]
[Result "1/2-1/2"]
[WhiteElo "2221"]
[BlackElo "2042"]
[PlyCount "40"]
[EventDate "2024.08.15"]
[EventType "swiss"]
[EventRounds "9"]
[EventCountry "UAE"]
[SourceTitle "EXT 2025"]
[Source "ChessBase"]
[SourceDate "2024.10.14"]
[SourceVersion "1"]
[SourceVersionDate "2024.10.14"]
[SourceQuality "1"]

1. e4 d5 2. exd5 Nf6 3. d4 Nxd5 4. c4 Nf6 5. Nf3 Bg4 6. Be2 e6 7. Qb3 Qc8 8. h3 Bh5 9. Bg5 Nbd7 10. Nc3 c6 11. 0-0 h6 12. Be3 Bd6 13. Rfe1 0-0 14. c5 Bc7 15. Qc2 Rd8 16. Rad1 Qb8 17. Qc1 Re8 18. b4 Qd8 19. Bf4 Qb8 20. Be3 a6 1/2-1/2

[Event "World Amateur-ch U2300"]
[Site "Muscat"]
[Date "2023.11.02"]
[Round "1"]
[White "Bartakke, Amardeep S"]
[Black "Fadi, Marko"]
[Result "0-1"]
[WhiteElo "1963"]
[BlackElo "2221"]
[PlyCount "74"]
[EventDate "2023.11.02"]
[EventType "swiss"]
[EventRounds "9"]
[EventCountry "OMN"]
[SourceTitle "CBM 217 Extra"]
[Source "ChessBase"]
[SourceDate "2024.01.31"]
[SourceVersion "1"]
[SourceVersionDate "2024.01.31"]
[SourceQuality "1"]

1. Nf3 d5 2. d4 Nf6 3. e3 e6 4. Bd3 c5 5. b3 Nc6 6. Bb2 cxd4 7. exd4 Bd6 8. 0-0 0-0 9. Nbd2 Qc7 10. c4 b6 11. Rc1 Bb7 12. cxd5 Nxd5 13. Ne5 Rac8 14. Bb5 Nde7 15. Qg4 f5 16. Qe2 Bxe5 17. dxe5 Rfd8 18. Nf3 Nd5 19. Ba3 Qf7 20. Rfd1 Qg6 21. Qd2 Nc7 22. Bxc6 Rxd2 23. Rxd2 Bxc6 24. Rxc6 Qe8 25. Rdc2 Rd8 26. Bd6 Nd5 27. Nd4 Nb4 28. Bxb4 Rxd4 29. g3 h5 30. Bd2 Rxd2 31. Rc8 Rd1+ 32. Kg2 Rd8 33. R8c7 Qb5 34. Rxa7 Rd1 35. Kh3 Qf1+ 36. Kh4 Rd4+ 37. f4 Rxf4+ 0-1

[Event "Golden Cleopatra op"]
[Site "Cairo"]
[Date "2016.12.17"]
[Round "5"]
[White "Fadi, Marko"]
[Black "Hesham, Abdelrahman"]
[Result "1/2-1/2"]
[WhiteElo "2231"]
[BlackElo "2408"]
[PlyCount "52"]
[EventDate "2016.12.13"]
[EventType "swiss"]
[EventRounds "10"]
[EventCountry "EGY"]
[SourceTitle "CBM 176 Extra"]
[Source "ChessBase"]
[SourceDate "2017.03.02"]
[SourceVersion "1"]
[SourceVersionDate "2017.03.02"]
[SourceQuality "1"]

1. e4 e5 2. Nc3 Nc6 3. g3 Bc5 4. Bg2 d6 5. Nge2 Be6 6. Na4 Qd7 7. Nxc5 dxc5 8. d3 Nge7 9. Be3 b6 10. Qd2 0-0-0 11. 0-0-0 Nd4 12. f4 f6 13. h3 Nec6 14. a3 Na5 15. Kb1 c4 16. Nc3 Nb5 17. Nxb5 Qxb5 18. Qb4 Qd7 19. fxe5 fxe5 20. Qc3 cxd3 21. Rxd3 Qb5 22. Rhd1 Rxd3 23. Rxd3 Rf8 24. Qb4 Qxb4 25. axb4 Nc4 26. Bg1 Nd6 1/2-1/2

[Event "EGY-chT"]
[Site "Egypt"]
[Date "2016.05.13"]
[Round "9.1"]
[White "Fadi, Marko"]
[Black "Salah, Sayed"]
[Result "1/2-1/2"]
[WhiteElo "2296"]
[BlackElo "2184"]
[PlyCount "87"]
[EventDate "2016.05.05"]
[EventType "team-tourn"]
[EventRounds "9"]
[EventCountry "EGY"]
[SourceTitle "CBM 172 Extra"]
[Source "ChessBase"]
[SourceDate "2016.06.21"]
[SourceVersion "1"]
[SourceVersionDate "2016.06.21"]
[SourceQuality "1"]
[WhiteTeam "Abo Simbel"]
[BlackTeam "Gezeret Elward"]
[WhiteTeamCountry "EGY"]
[BlackTeamCountry "EGY"]

1. Nf3 d5 2. g3 Nf6 3. Bg2 g6 4. 0-0 Bg7 5. c4 c6 6. d4 0-0 7. Nc3 Ne4 8. Qb3 Nxc3 9. bxc3 b6 10. Nd2 Bb7 11. Ba3 Re8 12. e4 e6 13. Rfe1 Na6 14. exd5 cxd5 15. cxd5 Bxd5 16. Bxd5 Qxd5 17. Qa4 Nc5 18. Qc2 Nb7 19. Ne4 Rec8 20. Qd2 Rc6 21. Be7 Qf5 22. Re3 Rc7 23. Bh4 Rd7 24. Qe2 Nd6 25. g4 Qb5 26. Nf6+ Bxf6 27. Bxf6 Qxe2 28. Rxe2 Rc8 29. Rc1 Ne8 30. Be5 f6 31. Bf4 Kf7 32. f3 g5 33. Be3 Rdc7 34. Rec2 b5 35. Kf2 Nd6 36. Ke2 Nc4 37. Kd3 a5 38. Bf2 Na3 39. Rb2 b4 40. Be1 Rc6 41. Rb3 Rc4 42. Bd2 bxc3 43. Rxa3 cxd2 44. Rd1 1/2-1/2

[Event "Cairo Egyptian op"]
[Site "Cairo"]
[Date "2015.11.21"]
[Round "8"]
[White "Beshara, Nadi"]
[Black "Fadi, Marko"]
[Result "0-1"]
[WhiteElo "2095"]
[BlackElo "2247"]
[PlyCount "90"]
[EventDate "2015.11.15"]
[EventType "swiss"]
[EventRounds "11"]
[EventCountry "EGY"]
[SourceTitle "CBM 170 Extra"]
[Source "ChessBase"]
[SourceDate "2016.02.25"]
[SourceVersion "1"]
[SourceVersionDate "2016.02.25"]
[SourceQuality "1"]

1. e4 d6 2. d4 Nf6 3. Bd3 g6 4. c3 Bg7 5. Ne2 0-0 6. 0-0 e5 7. Bg5 h6 8. Bd2 Qe7 9. f4 exd4 10. Ng3 c5 11. cxd4 cxd4 12. Bb4 Nc6 13. Ba3 Ng4 14. Qf3 Qh4 15. h3 Nge5 16. fxe5 Nxe5 17. Qf4 Qxf4 18. Rxf4 Nxd3 19. Rf1 Nc5 20. Nd2 b5 21. Rac1 Be5 22. Rf3 Ne6 23. Nh1 Bb7 24. Rb3 Rac8 25. Rxc8 Rxc8 26. Rxb5 Rc1+ 27. Kf2 Ba6 28. Ra5 Bd3 29. Rxa7 Rxh1 30. Bb4 Bf4 31. Ra3 Bb5 32. Ra5 Bd3 33. Ra3 Bxd2 34. Bxd2 Rf1+ 35. Kg3 Bxe4 36. Bxh6 Rg1 37. h4 Rxg2+ 38. Kh3 Rxb2 39. Ra6 Bf5+ 40. Kg3 Nc5 41. Ra3 Ne4+ 42. Kf4 Rf2+ 43. Rf3 Rxa2 44. h5 Rh2 45. hxg6 fxg6 0-1

[Event "Cairo Egyptian op"]
[Site "Cairo"]
[Date "2011.11.23"]
[Round "5"]
[White "Fadi, Marko"]
[Black "Labib, Ibrahim Hasan"]
[Result "0-1"]
[WhiteElo "2100"]
[BlackElo "2408"]
[PlyCount "52"]
[EventDate "2011.11.19"]
[EventType "swiss"]
[EventRounds "9"]
[EventCountry "EGY"]
[SourceTitle "CBM 145 Extra"]
[Source "ChessBase"]
[SourceDate "2012.01.03"]
[SourceVersion "1"]
[SourceVersionDate "2012.01.03"]
[SourceQuality "1"]

1. e4 e6 2. f4 d5 3. e5 c5 4. Nf3 Nc6 5. Bb5 Nge7 6. 0-0 Qb6 7. Nc3 Bd7 8. d3 Nf5 9. a4 h5 10. Bd2 c4+ 11. Kh1 h4 12. Ne2 cxd3 13. Bxd3 g6 14. a5 Qc7 15. a6 bxa6 16. Rxa6 Rb8 17. Qa1 Bc5 18. c4 dxc4 19. Bxc4 h3 20. Bd3 hxg2+ 21. Kxg2 Nb4 22. Bxb4 Ne3+ 23. Kh1 Rxb4 24. Rc1 Qb7 25. Neg1 Rxb2 26. Be4 Rbxh2+ 0-1

[Event "Sohag op"]
[Site "Sohag"]
[Date "2009.03.09"]
[Round "8"]
[White "Mahrous, Selim"]
[Black "Fadi, Marko"]
[Result "0-1"]
[WhiteElo "2008"]
[BlackElo "2037"]
[PlyCount "77"]
[EventDate "2009.03.02"]
[EventType "swiss"]
[EventRounds "9"]
[EventCountry "EGY"]
[SourceTitle "CBM 129 Extra"]
[Source "ChessBase"]
[SourceDate "2009.05.05"]
[SourceVersion "2"]
[SourceVersionDate "2009.05.20"]
[SourceQuality "1"]

1. e4 d5 2. exd5 Nf6 3. Bb5+ Bd7 4. Bxd7+ Nbxd7 5. c4 Nb6 6. Nf3 Qd7 7. Ne5 Qf5 8. Qe2 Ne4 9. d4 h5 10. 0-0 0-0-0 11. Nc3 Nxc3 12. bxc3 e6 13. dxe6 Qxe6 14. c5 Nd7 15. c6 Nxe5 16. cxb7+ Kb8 17. dxe5 Bd6 18. f4 f6 19. Qb5 fxe5 20. Be3 exf4 21. Bf2 Qe5 22. Qc4 f3 23. g3 h4 24. Rab1 c5 25. Rfe1 Qf6 26. Re6 Qf5 27. Qe4 Qh3 28. Qxf3 Qxe6 29. Rb3 hxg3 30. Bxg3 Rdf8 31. Qd3 Rf6 32. Ra3 Bxg3 33. Qxg3+ Qd6 34. Qxd6+ Rxd6 35. Ra5 Rd2 36. Rxc5 Kxb7 37. Rg5 Rhxh2 38. Rxg7+ Ka6 39. a4 0-1